Dictionary of geotechnics / (Record no. 145076)
[ view plain ]
| 000 -LEADER | |
|---|---|
| campo de control de longitud fija | 00491nam a2200157 4500 |
| 001 - NÚMERO DE CONTROL | |
| campo de control | 145076 |
| 003 - IDENTIFICADOR DE NÚMERO DE CONTROL | |
| campo de control | ES-MaACL |
| 007 - CAMPO FIJO DE DESCRIPCIÓN FÍSICA--INFORMACIÓN GENERAL | |
| campo de control de longitud fija | t| |
| 008 - DATOS DE LONGITUD FIJA--INFORMACIÓN GENERAL | |
| campo de control de longitud fija | 070214s1983 xxk r ||||1| eng d |
| 100 1# - ENTRADA PRINCIPAL--NOMBRE DE PERSONA | |
| Nombre de persona | Somerville, S. H. |
| 9 (RLIN) | 107266 |
| 245 10 - MENCIÓN DEL TÍTULO | |
| Título | Dictionary of geotechnics / |
| Mención de responsabilidad, etc. | S. H. Somerville ; M. A. Paul. |
| 260 ## - PUBLICACIÓN, DISTRIBUCIÓN, ETC. | |
| Lugar de publicación, distribución, etc. | London [etc.] : |
| Nombre del editor, distribuidor, etc. | Butterworths, |
| Fecha de publicación, distribución, etc. | 1983 ( |
| Lugar de fabricación/manufactura | Bodmin : |
| Fabricante | Robert Hartnoll) |
| 300 ## - DESCRIPCIÓN FÍSICA | |
| Extensión | 382 p. : |
| Otras características físicas | il. ; |
| Dimensiones | 23 cm. |
| 700 1# - ENTRADA AGREGADA--NOMBRE PERSONAL | |
| Nombre de persona | Paul, M. A. |
| 9 (RLIN) | 89633 |
| 852 ## - LOCALIZACIÓN | |
| Ubicación | ES-MaACL |
| Número de control de estantería | L-6903 |
| Sublocalización o colección | R.106744 |
| Estatus retirado | Estado de pérdida | Estado de daño | No para préstamo | Biblioteca de origen | Biblioteca actual | Ubicación en estantería | Fecha de adquisición | Fuente de adquisición | Total de préstamos | Signatura topográfica completa | Código de barras | Visto por última vez | Precio de reemplazo | Tipo de ítem Koha |
|---|---|---|---|---|---|---|---|---|---|---|---|---|---|---|
| Biblioteca del Ateneo de Madrid | Biblioteca del Ateneo de Madrid | Depósito 2 | 17/01/2008 | L-6903 | 1151438 | 23/02/2023 | 23/02/2023 | Libro impreso |
